Vías terrestres: Diseño de pavimento II
| Main Author: | |
|---|---|
| Format: | Section = Libro |
| Language: | Undetermined Spanish |
| Published: |
Managua
UNI
2011
|
| Subjects: |
| LEADER | 00558nam a2200205Ia 4500 | ||
|---|---|---|---|
| 008 | 240830s9999 xx 000 0 und d | ||
| 040 | |a B-ESTELÍ- RUACS / 625.8 B458 | ||
| 041 | |a spa | ||
| 082 | |a 625.8 B458 | ||
| 100 | 1 | |a Bendaña Guerrero, Luis Julian | |
| 245 | 1 | 0 | |a Vías terrestres: Diseño de pavimento II |
| 260 | |a Managua |b UNI |c 2011 | ||
| 300 | |a 255 p.:il | ||
| 650 | 7 | |a VIAS TERRESTRES | |
| 650 | 7 | |b PAVIMENTOS RIGIDOS | |
| 650 | 7 | |c PAVIMENTO DE CARRETERA | |
| 650 | 7 | |d PAVIMENTO DE CONCRETO. | |
| 942 | |c BK |2 ddc | ||
| 991 | |a TEXTO | ||
| 999 | |c 11283 | ||